Movies Quiz

Random Movies or Disney Quiz

Disney Songs by Antonym Quiz Stats

 Plays Quiz Updated Aug 4, 2018

Also try: Bands by Antonym
Challenge
Share
Tweet
Embed
Score 0/20 Timer 05:00
6 Plays Today
Rough Antonym Disney Song % Correct
Over the LandUnder the Sea
92.6%
Worst of EnemiesBest of Friends
91.8%
Yours, Yours, YoursMine, Mine, Mine
89.8%
HateLove
87.8%
I Can't Feel the Hate Today Can You Feel the Love Tonight
83.7%
You're EarlyI'm Late
81.8%
You'll Make a Woman out of MeI'll Make a Man out of You
81.1%
Daughter of WomanSon of Man
79.8%
Hero to ZeroZero to Hero
76.5%
Hold On TightLet It Go
64.3%
Rough Antonym Disney Song % Correct
Thank YouYou're Welcome
62.7%
You've Got a NightmareI've Got a Dream
59.1%
Your Princess Will Never
Come
Someday My Prince Will Come
56.9%
I Can Swim! I Can Swim! I Can Swim! You Can Fly! You Can Fly! You Can Fly!
56.2%
A Broken Old LandA Whole New World
55.6%
The Clothed FrivolitiesThe Bare Necessities
52.8%
She's a LadyHe's a Tramp
49.6%
Don't Be Your TrespasserBe Our Guest
44.9%
Enemies off the Same SideFriends on the Other Side
31.5%
After I Curse Off a PlanetWhen You Wish Upon a Star
31.3%

You're not logged in!

Compare scores with friends on all Sporcle quizzes.
OR
Log In

You Might Also Like...

Show Comments

Extras

Top Quizzes Today


Score Distribution

Your Account Isn't Verified!

In order to create a playlist on Sporcle, you need to verify the email address you used during registration. Go to your Sporcle Settings to finish the process.

Report this User

Report this user for behavior that violates our Community Guidelines.

Details: